| 000 | 00882nam a2200217 a 4500 | ||
|---|---|---|---|
| 001 | 17081 | ||
| 003 | CO-ViMGA | ||
| 008 | 141112s2004 ck r 000 u spa d | ||
| 020 | _a8420008907 | ||
| 040 |
_aCO-ViMGA _bspa _cCO-ViMGA |
||
| 082 | 0 | 4 | _a576.163 I573m |
| 100 | 1 |
_aThe International commission on microbiological specifications for foods, _924242 |
|
| 245 | 1 | 0 |
_aMicroorganismos de los alimentos (2). Metodos de muestreo para análisis microbiológicos : _bPrincipios y aplicaciones especificas |
| 260 |
_aZaragoza (España), _cAcribia, _c1999 |
||
| 300 | _a260.p. | ||
| 505 | _aCriterios microbiológicos significativos para alimentos Propuestas especificas para el muestreo y programas de muestreo | ||
| 590 | _aForma de adquisición : Premio - Mincultura | ||
| 650 | 1 | 4 |
_aMICROORGANISMOS _93080 |
| 650 | 1 | 4 |
_aMICROORGANISMOS DE LOS ALIMENTOS _924243 |
| 942 |
_2ddc _cBK |
||
| 999 |
_c26694 _d26694 |
||